00686nam a22001817a 4500003000900000008004100009020001800050040007100068082001500139100002100154245006000175260003700235300002800272505013800300650001500438650003800453650001300491AR-CdUCM190319b ||||| |||| 00| 0 spa d a950-9097-98-5 aMUNICIPALIDAD PROVINCIAL DEL CUSCOcBIBLIOTECA MUNICIPAL DEL CUSCO a070 /bP28 aPatten, David A. aLa prensa gráfica ante los medios de comunicación / aBuenos Aires :bFraterna,c1989. a159 páginas ;c20 cm. aContenido: El advenimiento de los nuevos medios -- El matrimonio periódicos-cable -- Evaluando incursiones en los nuevos medios ... aPeriodismo aMedios de comunicación de masas aVideotex